| 000 | 00430nam a2200181Ia 4500 | ||
|---|---|---|---|
| 008 | 210210b1936 xxu||||| |||| 00| 0 eng d | ||
| 041 | _aeng | ||
| 082 | _a570/12 | ||
| 100 | _aCAMERON (A T) | ||
| 245 | _aRecent advances in endocrinology | ||
| 260 |
_aLondon _bJ & A Churchill _c1936 |
||
| 650 | _aRecent | ||
| 650 | _ain | ||
| 650 | _aendocrinology | ||
| 650 | _aadvances | ||
| 690 | _aHuman Physiology | ||
| 906 | _a010204 | ||
| 999 |
_c137972 _d137972 |
||